| 000 | 00736nam a22001937a 4500 | ||
|---|---|---|---|
| 999 |
_c2097 _d2097 |
||
| 003 | AR-CdUCM | ||
| 008 | 190304b ||||| |||| 00| 0 spa d | ||
| 040 |
_aMUNICIPALIDAD PROVINCIAL DEL CUSCO _cBIBLIOTECA MUNICIPAL DEL CUSCO |
||
| 082 |
_22ed. _a372.12 / _bC93 |
||
| 100 |
_aCueli, Jose _97585 |
||
| 245 | _aVocación y afectos / | ||
| 260 |
_aMexico : _bLimusa, _c1972. |
||
| 300 |
_a93 páginas ; _c21 cm. |
||
| 505 | _aLa vocación y el proceso cultural mexicano -- La orientación profesional y el psicoanálisis -- Vocación y profesión -- La génesis de la vocación -- Una vocación: El marino. | ||
| 650 |
_aVocación. _93461 |
||
| 650 |
_aOrientación profesional. _97458 |
||
| 942 |
_2ddc _cLIBROS |
||
| 945 |
_awfj _d2019-03-04 |
||